004670000a22001450004500020001800000041000800018082001900026100002500045245010600070260002800176300001200204440005200216500004700268001000600315 a84-8280-166-X0 aSPA04aG 847.32 R114g1 aRabelais, François10aGargantúa y pantagruel / François Rabelais ; Teresa Suero, José María Claramunda, Traductores aBogotá : Oveja Negra a310 Pag 0aColección Historia Universal de la Literatura aTítulo original : Gargantua - Pantagruel13329